000 00779nam a2200205Ia 4500
003 GCL
008 140319s9999 xx 000 0 ara d
020 _a4042010977
040 _aGCL /
_cGCL
082 0 4 _a953
_bا ح
100 1 _aاحمد عبدالرازق احمد
245 1 0 _aالحضارة الاسلامية فى العصور الوسطى /
_cاحمد عبدالرازق احمد
260 _aالقاهرة :
_bدار الفكر العربى ،
_c1997
300 _a293 ص ؛
_c24 سم
490 _aالهيئة العامة للاستعلامات
_v0
650 0 4 _aالتاريخ الاسلامى
650 0 4 _aالعالم العربى - تاريخ
650 0 4 _aالحضارة الاسلامية - تاريخ - العصور الوسطى
942 _2ddc
_cBK
999 _c47600
_d47600